[Event "SLO-chT2 East"]
[Site "Slovenia"]
[Date "2017.11.25"]
[Round "6"]
[White "Prevolsek, Miha"]
[Black "Puntigam, Silvester"]
[Result "0-1"]
[WhiteElo "1833"]
[BlackElo "2048"]
[PlyCount "36"]
[EventDate "2017.09.30"]
[EventType "team-tourn"]
[EventRounds "9"]
[EventCountry "SLO"]
[SourceTitle "EXT 2019"]
[Source "ChessBase"]
[SourceDate "2018.10.10"]
[SourceVersion "1"]
[SourceVersionDate "2018.10.10"]
[SourceQuality "1"]

1. e4 c6 2. d4 d5 3. exd5 cxd5 4. c4 Nf6 5. Nf3 e6 6. Nc3 Be7 7. g3 0-0 8. Bg2 Nc6 9. Ne5 dxc4 10. Nxc6 bxc6 11. Bxc6 Rb8 12. 0-0 Bb7 13. Bb5 Rc8 14. Be3 Nd5 15. Qe2 Nxc3 16. bxc3 Qd5 17. f4 Qxb5 18. f5 Qd5 0-1

[Event "SLO-chT2 East"]
[Site "Slovenia"]
[Date "2016.10.01"]
[Round "2"]
[White "Puntigam, Silvester"]
[Black "Zagorsek, David"]
[Result "1/2-1/2"]
[WhiteElo "2038"]
[BlackElo "1945"]
[PlyCount "40"]
[EventDate "2016.09.24"]
[EventType "team-tourn"]
[EventRounds "9"]
[EventCountry "SLO"]
[SourceTitle "EXT 2019"]
[Source "ChessBase"]
[SourceDate "2018.10.10"]
[SourceVersion "1"]
[SourceVersionDate "2018.10.10"]
[SourceQuality "1"]
[WhiteTeam "Gornja Radgona"]
[BlackTeam "Ptuj II"]
[WhiteTeamCountry "SLO"]
[BlackTeamCountry "SLO"]

1. Nf3 Nf6 2. d4 g6 3. g3 Bg7 4. Bg2 d5 5. 0-0 0-0 6. Nbd2 c5 7. c4 cxd4 8. Nxd4 e5 9. Nc2 dxc4 10. Nxc4 Qc7 11. b3 Rd8 12. Qe1 Be6 13. N2e3 Nc6 14. Bb2 Nd5 15. Rc1 Qe7 16. Ba3 Qf6 17. Bb2 Qe7 18. Ba3 Qf6 19. Bb2 Qe7 20. Ba3 Qf6 1/2-1/2

[Event "SLO-ch U20"]
[Site "Bled"]
[Date "1998.??.??"]
[Round "?"]
[White "Beletic, Daniel"]
[Black "Puntigam, Silvester"]
[Result "1-0"]
[WhiteElo "1890"]
[BlackElo "1805"]
[PlyCount "49"]
[EventDate "1998.??.??"]
[EventType "swiss"]
[EventRounds "9"]
[EventCountry "SLO"]
[SourceTitle "EXT 2000"]
[Source "ChessBase"]
[SourceDate "1999.11.16"]
[SourceVersion "1"]
[SourceVersionDate "1999.11.16"]
[SourceQuality "1"]

1. e4 Nf6 2. e5 Nd5 3. d4 d6 4. Nf3 Bf5 5. a3 e6 6. Be2 Be7 7. 0-0 0-0 8. c4 Nb6 9. Nc3 N8d7 10. Bf4 f6 11. exd6 cxd6 12. Nh4 Bg6 13. Nxg6 hxg6 14. Bd3 e5 15. Bxg6 f5 16. c5 exf4 17. cxb6 Bg5 18. Qb3+ Kh8 19. Nd5 axb6 20. Qh3+ Bh6 21. Bxf5 Nf6 22. Nxf4 Re8 23. Be6 Rxe6 24. Nxe6 Qg8 25. Rac1 1-0

[Event "SLO-ch U20"]
[Site "Bled"]
[Date "1998.??.??"]
[Round "?"]
[White "Puntigam, Silvester"]
[Black "Napast, Viktor"]
[Result "1-0"]
[WhiteElo "1805"]
[BlackElo "1910"]
[PlyCount "88"]
[EventDate "1998.??.??"]
[EventType "swiss"]
[EventRounds "9"]
[EventCountry "SLO"]
[SourceTitle "EXT 2000"]
[Source "ChessBase"]
[SourceDate "1999.11.16"]
[SourceVersion "1"]
[SourceVersionDate "1999.11.16"]
[SourceQuality "1"]

1. d4 d5 2. c4 e6 3. Nf3 Nf6 4. Bg5 Be7 5. Nc3 Nbd7 6. e3 0-0 7. c5 c6 8. Bd3 Nh5 9. Bxe7 Qxe7 10. Ne5 g6 11. Nxd7 Bxd7 12. Be2 Ng7 13. f4 Nf5 14. Kf2 f6 15. Bd3 Nh6 16. Re1 e5 17. Kg1 e4 18. Be2 f5 19. b4 Kh8 20. g3 g5 21. Kh1 Rg8 22. Rg1 gxf4 23. gxf4 Qh4 24. Qe1 Rxg1+ 25. Qxg1 Rg8 26. Qe1 Qh3 27. Qf2 Be8 28. Rg1 Bh5 29. Rxg8+ Kxg8 30. Bxh5 Qxh5 31. Qg3+ Kf7 32. Kg2 Ng4 33. h3 Nf6 34. a4 a6 35. Kf2 Nd7 36. Ke1 b6 37. b5 axb5 38. axb5 bxc5 39. bxc6 Nb6 40. dxc5 Nc8 41. Nxd5 Qh6 42. Qg5 Qe6 43. Nc7 Qf6 44. Qxf6+ Kxf6 1-0